000 01092nam a22002297a 4500
005 20110228163345.0
008 110228t xxu||||| |||| 00| 0mar d
010 _aMAR-20635
020 _a9788191059007
_c160.00
035 _aMR-13293
037 _bDBAD / PUB
040 _aDPL
_bMR
082 _a891.463
100 _aबागवे,अशोक
_926299
245 _aप्रिय सालस.... /
_cअशोक बागवे
246 _aPriya Saalas
_bby Ashok Bagve
260 _aमुंबई
_b डिंपल पब्लिकेशन
_c2010
270 _a104,वायकिकी अरपार्टमेंट,आनंद नगर,नवघर,वसई रोड स्टेशन (प.रेल्वे),जि.ठाणे
_bमुंबई
_e401202
300 _a160पृ
_b21 सेमी (अजिल्द)
942 _2ddc
_cMR
_h891.463
_mबागवे
999 _c50811
_d50811